| 000 | 00419nam a2200157Ia 4500 | ||
|---|---|---|---|
| 008 | 240729s9999 xx 000 0 und d | ||
| 022 | _a2165-0497 | ||
| 245 | 0 | _aMicrobiology Spectrum | |
| 260 | _aUnited States | ||
| 260 | _bAmerican Society for Microbiology | ||
| 650 | _a Microbiology | ||
| 650 | _aScience | ||
| 856 | _uhttps://doaj.org/toc/aec405bc72e24cfaa2bda5d770831c49 | ||
| 942 | _2ddc | ||
| 942 | _cDOAJEJ | ||
| 999 |
_c66848 _d66848 |
||
| 945 |
_a1 _bMadushi Gamage _c1 _dMadushi Gamage |
||